000 00477nam a2200133 a 4500
001 000036918
005 20200930080023.0
008 120206s1988 pn 000 0 spa d
040 _aDO-SdBNP
_bspa
_cBNPHU
082 _axxxx
_bM294
245 0 0 _aManual de cria de camarones peneidos en estanques de aguas salobres.
260 _aPanamá :
_bDirección Nacional de Acuicultura
_bCentro de Documetación e Información de Acuicultura, CEDIA,
_c1988.
300 _a54 p. :
_bils., retr.
999 _c36408
_d36408